Past and Current Policy Issues Concerning Tropical Deforestation in Brazil

Gespeichert in:
Bibliographische Detailangaben
1. Verfasser: Serôa da Motta, Ronaldo
Format: Buch
Sprache:Englisch
Veröffentlicht: Kiel Institut für Weltwirtschaft 1993
Schriftenreihe:Kiel Working Paper No.566
Schlagworte:
Tags: Tag hinzufügen
Keine Tags, Fügen Sie das erste Tag hinzu!

MARC

LEADER 00000nam a2200000 4500
001 c010777
005 20250521093032.6
041 0 |a eng 
044 |a DE 
245 1 0 |a Past and Current Policy Issues  |b Concerning Tropical Deforestation in Brazil  |c Ronaldo Serôa da Motta 
264 1 |a Kiel  |b Institut für Weltwirtschaft  |c 1993 
300 |a 25 s. 
490 1 |a Kiel Working Paper  |v No.566 
830 0 |a Kiel Working Paper  |v No.566 
610 2 0 |a lesy 
610 2 0 |a lesníctvo 
610 2 0 |a politika environmentálna 
610 2 0 |a ochrana prírody 
610 2 0 |a ochrana prostredia životného 
610 2 0 |a Brazília 
100 1 |a Serôa da Motta, Ronaldo